EPMR economic and property market review (Record no. 114540)

MARC details
000 -LEADER
fixed length control field 00807cad a22002055a 4500
001 - CONTROL NUMBER
control field L157008
008 - FIXED-LENGTH DATA ELEMENTS--GENERAL INFORMATION
fixed length control field 120528s2012 xxk 000 0 eng d
035 ## - SYSTEM CONTROL NUMBER
System control number (Sirsi) u157008
041 0# - LANGUAGE CODE
Language code of text/sound track or separate title eng
110 2# - MAIN ENTRY--CORPORATE NAME
Corporate name or jurisdiction name as entry element GVA
9 (RLIN) 5945
245 00 - TITLE STATEMENT
Title EPMR economic and property market review
Remainder of title Q3 2012
Medium [electronic resource]
260 ## - PUBLICATION, DISTRIBUTION, ETC.
Place of publication, distribution, etc. London
Name of publisher, distributor, etc. GVA
Date of publication, distribution, etc. 2012
490 #0 - SERIES STATEMENT
Series statement GVA EPMR Economic and Property Market Review
Volume/sequential designation Q3 2012
520 ## - SUMMARY, ETC.
Summary, etc. Covers economic trends, recent occupier market trends, outlook for occupier market performance, recent investment performance and investment market outlook.
590 ## - LOCAL NOTE (RLIN)
Local note KA NTK
651 #4 - SUBJECT ADDED ENTRY--GEOGRAPHIC NAME
Geographic name United Kingdom
690 ## - LOCAL SUBJECT ADDED ENTRY--TOPICAL TERM (OCLC, RLIN)
Topical term or geographic name as entry element Commercial property
9 (RLIN) 6227
856 40 - ELECTRONIC LOCATION AND ACCESS
Uniform Resource Identifier <a href="https://www.gva.co.uk/research/economic-and-property-market-review/">https://www.gva.co.uk/research/economic-and-property-market-review/</a>
Public note View the report at www.gva.co.uk
942 ## - ADDED ENTRY ELEMENTS (KOHA)
Suppress in OPAC 0
Holdings
Withdrawn status Lost status Source of classification or shelving scheme Damaged status Not for loan Home library Current library Shelving location Date acquired Total Checkouts Full call number Barcode Date last seen Copy number Price effective from Koha item type
    Dewey Decimal Classification     Virtual Virtual Online 10/08/2012   ONLINE PUBLICATION 157008-2001 06/08/2019 1 06/08/2019 Book